Bratři Steelové. Plamen /
V tomto svazku psychologicko-erotické série o osudech bratrů Steelových pokračuje příběh lásky Jonaha Steela, mimořádně přitažlivého a bohatého rančera, a krásné, ale nepříliš sebevědomé terapeutky Melanie Carmichaelové.
Uloženo v:
| Série: | Bratři Steelové,
část 5 |
|---|---|
| Hlavní autor: | |
| Další autoři: | |
| Médium: | E-kniha |
| Jazyk: | Czech |
| Vydáno: |
Praha :
Dobrovský s.r.o.,
2023
|
| Edice: | Red
|
| Témata: | |
| Příbuzné jednotky: | Z cyklu::
Bratři Steelové |
| Tagy: |
Žádné tagy |
| LEADER | 03096nam a2200493 i 4500 | ||
|---|---|---|---|
| 001 | 312067 | ||
| 003 | CZ PrSKC | ||
| 005 | 20260601215716.0 | ||
| 007 | ta | ||
| 008 | 230811s2023 xr e 000 f cze | ||
| 015 | |a cnb003536834 | ||
| 020 | |a 9788027712755 |q (vázáno) | ||
| 035 | |a (OCoLC)1408816892 | ||
| 040 | |a ABG001 |b cze |e rda | ||
| 041 | 1 | |a cze |h eng | |
| 072 | 7 | |a 821.111(73)-3 |x Americká próza |2 Konspekt | |
| 080 | |a 821.111(73)-31 |2 MRF | ||
| 080 | |a (0:82-312.5) |2 MRF | ||
| 080 | |a (0:82-993) |2 MRF | ||
| 100 | 1 | |a Hardt, Helen, |d 1964- |7 xx0257191 |4 aut | |
| 240 | 1 | 0 | |a Burn. |l Česky |
| 245 | 1 | 0 | |a Bratři Steelové. |p Plamen / |c Helen Hardt ; z anglického originálu Burn přeložila Eva Hauserová |
| 246 | 3 | 0 | |a Plamen |
| 264 | 1 | |a Praha : |b Dobrovský s.r.o., |c 2023 | |
| 300 | |a 272 stran ; |c 21 cm | ||
| 336 | |a text |b txt |2 rdacontent | ||
| 337 | |a bez média |b n |2 rdamedia | ||
| 338 | |a svazek |b nc |2 rdacarrier | ||
| 490 | 1 | |a Red | |
| 520 | 2 | |a V tomto svazku psychologicko-erotické série o osudech bratrů Steelových pokračuje příběh lásky Jonaha Steela, mimořádně přitažlivého a bohatého rančera, a krásné, ale nepříliš sebevědomé terapeutky Melanie Carmichaelové. |b Na konci minulého dílu Melanii neznámý pachatel unesl a snažil se ji připravit o život. V této knize se dozvíme, jakým způsobem Melanie přece jen vyvázne ze zdánlivě beznadějné situace a unikne jen o vlásek smrti. Jonah si však velmi vyčítá, že jí v nejvyšším ohrožení nepomohl on, a trápí se pocity viny. Mohlo by to vyústit až v jejich rozchod? Melanii hrůzný zážitek posílí, začne si víc věřit a vidí v novém světle i své údajné selhání v případě mladé klientky, která údajně spáchala sebevraždu - nebo to tak ve skutečnosti nebylo? Postupné odhalování spletité pětadvacet let staré historie Talonova únosu se dále komplikuje. Vychází najevo, kdo byl zřejmě druhým únoscem, třetí zůstává nezvěstný, a navíc se objevují náznaky, že Talonův případ možná souvisí s tím, co v současnosti potkalo Melanii, i s podivnou smrtí její mladé klientky. Nakladatelská anotace. Kráceno. | |
| 655 | 7 | |a americké romány |7 fd131796 |2 czenas | |
| 655 | 7 | |a milostné romány |7 fd132840 |2 czenas | |
| 655 | 7 | |a erotické romány |7 fd132211 |2 czenas | |
| 655 | 9 | |a American fiction |2 eczenas | |
| 655 | 9 | |a love novels |2 eczenas | |
| 655 | 9 | |a erotic novels |2 eczenas | |
| 700 | 1 | |a Hauserová, Eva, |d 1954-2023 |7 jk01040194 |4 trl | |
| 787 | 0 | 8 | |i Z cyklu: |t Bratři Steelové |g 5 |
| 830 | 0 | |a Red | |
| 900 | |a ABA001 |b 21 | ||
| 044 | |a xr | ||
| 910 | |a RBIT002 | ||
| 998 | |d 385479 |a https://core.palmknihy.cz/api/books/385479/cover?rzu9vf |b https://core.palmknihy.cz/api/books/385479/cover/400?rzu9vf |c https://core.palmknihy.cz/api/books/385479/cover/50?rzu9vf |e 2027-01-20 |g 280 |i 9788027712755 |j https://core.palmknihy.cz/api/books/385479/preview.epub |k https://core.palmknihy.cz/api/books/385479/preview.pdf |l |q 49 |r 1 |s https://www.palmknihy.cz/kniha/385479 |t ebook |y 2023 |z 0 |v Bratři Steelové |w 5 | ||
| 999 | |d 312065 | ||